00719nam a2200205Ia 4500003000900000008004100009040001600050080002100066110003300087245009200120260005000212300000900262500001900271650004300290650001800333650002100351942000700372999001500379952011900394IN-BaIIA211028s9999 xx 000 0 eng d cIIA Library a083.7:698.3bISI aIndian Standards Institution 0aIndian standard code of practice for glazing in buildingscIndian Standards Institution aNew DelhibIndian Standards Institutionc1966 a16p. aIS 3548 : 1966 a Glazing in Buildings-Standards98819 a Standards  aNASA Thesaurus  cBK c4924d4924 00104070aBANbBANcGENd1976-09-09g7.00l0o083.7:698.3/ ISIp5509r2021-11-05v7.00w1976-09-09yBKGRs. 7.00